000 00289nam a2200121Ia 4500
008 220204s9999 xx 000 0 und d
082 _a531
_bTIT
100 _aRimmer, J G
245 0 _aApplied mechanics
260 _aLondon
_bMcGraw Hill
_c1970
700 _aTitherington, D
942 _cBK
999 _c22409
_d22409